Most Popular Panic! At The Disco Songs - Statistics

General Stats
  • This quiz has been taken 41 times
  • The average score is 14 of 28
Answer Stats
Streams Answer % Correct
1,439,340,000 High Hopes
92%
783,415,000 I Write Sins Not Tragedies
92%
396,814,000 Death of a Bachelor
81%
331,142,000 This Is Gospel
76%
592,778,000 House of Memories
73%
165,480,000 Nine In The Afternoon
73%
215,775,000 The Ballad of Mona Lisa
70%
321,514,000 Hey Look Ma, I Made It
68%
269,577,000 Victorious
65%
280,118,000 Don't Threaten Me With A Good Time
59%
211,273,000 Miss Jackson
59%
217,490,000 Say Amen (Saturday Night)
59%
100,783,000 But It's Better If You Do
54%
316,961,000 Emperor's New Clothes
54%
168,835,000 Hallelujah
51%
761,821,000 ME!
49%
222,827,000 LA Devotee
46%
103,285,000 Build God, Then We'll Talk
43%
135,277,000 Nicotine
43%
139,243,000 Crazy = Genius
41%
177,120,000 Girls / Girls / Boys
38%
105,983,000 Roaring 20's
38%
100,149,000 Golden Days
30%
104,416,000 Bohemian Rhapsody
24%
177,313,000 Into The Unknown
24%
103,538,000 The Good, the Bad, and the Dirty
24%
110,291,000 The Greatest Show
22%
181,262,000 Lying Is the Most a Girl Can Have Without Taking Her Clothes Off
0%
No matching quizzes found
Score Distribution
Percent of People with Each Score
Percentile by Number Answered
Your Score History
You have not taken this quiz